Statistics for Guess the Song: The Neighbourhood pt.2

Click here to take the quiz!

General Stats

  • This quiz has been taken 546 times
  • The average score is 6 of 15

Answer Stats

LyricSong% Correct
you're the star I look for every nightCompass
57%
She's crazy, though, and I guess she took controlW.D.Y.W.F.M?
56%
back in 1991, when the story first begun, I rememberAlleyways
55%
hard not to fall for you, I gave you all my heartFallen Star
55%
everything changed when the birds camePrey
54%
I swear to god the voices wouldn't shut upLeaving Tonight
53%
and you said I wasn't just like anyone, like#icanteven
49%
dancing through the night / a vodka and a spriteA Little Death
48%
I watched it all in my head, perfect senseFemale Robbery
47%
Drivin' through the city with me / just watching' you glowScary Love
44%
Put me in the dirt, let me dream with the starsR.I.P 2 My Youth
43%
Slow dancin' with the devilCherry Flavoured
27%
better just go with the flow / last thing we should do is go slowLurk
26%
tired of people telling me be patientLost In Translation
16%
drownin' in doubt, while you're up in the starsThe Shining
13%

Score Distribution

Percentile by Number Answered

Percent of People with Each Score

Your Score History

You have not taken this quiz